000 00586nam a2200193 a 4500
001 16803
003 CO-ViMGA
008 141112s2004 ck r 000 u spa d
020 _a8497320298
040 _aCO-ViMGA
_bspa
_cCO-ViMGA
082 0 4 _a658 H377a
100 1 _aHerrero Palomo, Julián
_923762
245 1 0 _aAdministración Gestión y Comercialización en la pequeña Empresa
260 _aMadríd (España),
_cParaninfo,
_c2001
300 _a199.p.
590 _aForma de adquisición : Premio - Mincultura
650 1 4 _aPEQUEÑAS Y MEDIANAS EMPRESAS
_923763
942 _2ddc
_cBK
999 _c26453
_d26453